000 00198 a2200097 4500
001 43494
100 _aWarner
245 _aNew Poems
260 _aLondon
_bMichael Joseph
_c
090 _c27308
_d27308
942 _aNUST-CAE
_cM
_c19234
999 _c278567
_d278567